| 000 | 00896nam a22002657a 4500 | ||
|---|---|---|---|
| 003 | OSt | ||
| 005 | 20260511103955.0 | ||
| 008 | 260511b |||||||| |||| 00| 0 eng d | ||
| 020 | _a9781848993839 | ||
| 040 |
_aKenya National Library Service _erda |
||
| 082 | _a613.2 BER | ||
| 100 |
_aBertemeus, Paula _eauthor |
||
| 245 |
_aEat well, feel well : _bthe top 200 foods to make you feel good / _cPaula Bartimeus, Sarah Merson, Sarah owen, Anna Selby and Janet Wright |
||
| 300 |
_a288 pages : _bcolour illustrations ; _c18 cm |
||
| 504 | _aIncludes index | ||
| 650 | _aDiet therapy | ||
| 650 |
_aHealth _vNutritional aspect |
||
| 700 |
_aMerson, Sarah _eauthor |
||
| 700 |
_aOwen, Sarah _eauthor |
||
| 700 |
_aSelby , Anna _eauthor |
||
| 700 |
_aWrigt, Janet _eauthor |
||
| 942 |
_2ddc _cBK _n0 |
||
| 999 |
_c492651 _d492651 |
||